| 000 | 00733nam a2200265Ia 4500 | ||
|---|---|---|---|
| 003 | OSt | ||
| 005 | 20220928113428.0 | ||
| 006 | a|||||r|||| 00| 0 | ||
| 007 | ta | ||
| 008 | 220927b |||||||| |||| 00| 0 eng d | ||
| 020 | _c5979 | ||
| 024 | _a128074 | ||
| 037 |
_b2471, 22/12/2015, New India Book Agency _cTextual |
||
| 040 |
_aSDCL _cSDCL _beng |
||
| 041 |
_2eng _aeng |
||
| 082 | _aG116:8, Q5;1 | ||
| 100 | _aLatchman David S. | ||
| 245 | 0 | _aGene control | |
| 250 | _a2nd | ||
| 260 |
_aNew York _b Garland Science _c2015 |
||
| 300 |
_avi,505 _ccm. |
||
| 650 | _aGenetics | ||
| 942 |
_hG116:8, Q5;1 _cTEXL _2CC |
||
| 999 |
_c749441 _d749441 |
||